| Registos Bibliográficos associados ao registo de autoridade |
|
Etiqueta de registo: 00000nkm 2200025 450 001 2262004 003 http://id.bnportugal.gov.pt/bib/catbnp/2262004 100 ## $a20260206d1989 m y0pory01030103ba 101 0# $apor 102 ## $aPT 200 1# $aIntegrar para Ganhar o Futuro, V Congresso Nacional das Cooperativas de Consumo, Porto,
Casa D. Hugo (Sé), 7-8 outubro 89$bVisual gráfico]$fFENACOOP - Federação Nacional das Cooperativas de Consumo$gdesign Humberto Nelson (Ofi. Coop. Árvore) 210 #9 $a[S.l.]$cFederação Nacional das Cooperativas de Consumo,$d1989$ePorto :$gGrafislab ) 215 ## $a1 cartaz$ccolor.$d59,6X42,1 cm 317 ## $aColeção Madeira Luís 675 ## $a766(=1:469)"198"(084.5)$vBN$zpor$31802165 702 #1 $aNelson,$bHumberto$4410$331823 710 02 $aCongresso Nacional das Cooperativas de Consumo,$bIntegrar para Ganhar o Futuro,$d5,$ePorto,$f1989$31994890 712 02 $aFederação Nacional das Cooperativas de Consumo$4557$3179985 801 #0 $aPT$bBN$gRPC 966 ## $lBN$mICONOG$sCT. 19850 A.$x3 971 ## $cCaticonografia3$d20260206 972 ## $d20260326 $e2$vfpinelo$z0 995 ## $aPRR2026 $d20260206$iCaticonografia3
|
|
|